| 000 | 00623nam a2200217Ia 4500 | ||
|---|---|---|---|
| 003 | OSt | ||
| 005 | 20220926033854.0 | ||
| 006 | a|||||r|||| 00| 0 | ||
| 007 | ta | ||
| 008 | 220923b |||||||| |||| 00| 0 eng d | ||
| 037 | _cGeneral Book | ||
| 040 |
_aRTL _cRTL _beng |
||
| 041 |
_2eng _aeng |
||
| 082 | _aY:1.27.C, L2 | ||
| 100 |
_aFick Richard _9151921 |
||
| 245 | 0 | _aSocial organisation in North-East India in Buddha's time | |
| 260 |
_aVaranasi _bIndological Book House India _c1972 |
||
| 300 |
_axvii,365p _ccm. |
||
| 942 |
_hY:1.27.C, L2 _cGB _2CC |
||
| 999 |
_c658157 _d658157 |
||